Marketing cestovného ruchu

Saved in:
Bibliographic Details
Main Author: Filo, Peter
Other Authors: Tajtáková, Mária, Hasprová, Mária, 1970-
Format: Book
Language:Slovak
Published: Nesluša Progressus Slovakia 2007
Subjects:
Tags: Add Tag
No Tags, Be the first to tag this record!

MARC

LEADER 00000nam$a2200000$$$4500
001 0071002
005 20240502071841.9
020 |a 978-80-969642-3-3 
041 0 |a slo 
044 |a SK 
245 1 0 |a Marketing cestovného ruchu  |c Peter Filo 
264 1 |a Nesluša  |b Progressus Slovakia  |c 2007 
300 |a 98 s. 
610 2 0 |a ruch cestovný 
610 2 0 |a marketing 
100 1 |a Filo, Peter 
700 1 |a Tajtáková, Mária 
700 1 |a Hasprová, Mária, 1970-